[Event "Medellin Castro Memorial 36th"]
[Site "Medellin"]
[Date "2019.08.10"]
[Round "6"]
[White "Silva, Emmanuel Andres"]
[Black "Torres, Juan Camilo"]
[Result "1/2-1/2"]
[WhiteElo "2119"]
[BlackElo "2270"]
[PlyCount "87"]
[EventDate "2019.08.07"]
[EventType "swiss"]
[EventRounds "9"]
[EventCountry "COL"]
[SourceTitle "EXT 2020"]
[Source "ChessBase"]
[SourceDate "2019.10.17"]
[SourceVersion "1"]
[SourceVersionDate "2019.10.17"]
[SourceQuality "1"]

1. Nf3 d5 2. b3 Bf5 3. Bb2 e6 4. g3 h6 5. Bg2 Nf6 6. 0-0 Be7 7. d3 0-0 8. Nbd2 c5 9. c4 Nc6 10. cxd5 exd5 11. Rc1 d4 12. Nc4 Rc8 13. a3 Re8 14. Re1 Bf8 15. Rc2 a5 16. e4 dxe3 17. fxe3 a4 18. Rd2 b5 19. Nce5 Nxe5 20. Nxe5 axb3 21. Qxb3 c4 22. Qc3 cxd3 23. Qb3 Qc7 24. Nxd3 Qc4 25. Nc1 Bc5 26. Kh1 Qxb3 27. Nxb3 Rxe3 28. Rxe3 Bxe3 29. Re2 Rc2 30. Rxc2 Bxc2 31. Nd4 Bd3 32. Bc6 Bxd4 33. Bxd4 Be4+ 34. Bxe4 Nxe4 35. Kg2 Nd2 36. Kf2 Nc4 37. Bc5 f5 38. Ke2 Kf7 39. Kd3 Ke6 40. Kd4 Ne5 41. Bf8 Nf3+ 42. Kc5 Kf7 43. Bd6 Ke6 44. Bb8 1/2-1/2

[Event "COL-ch sf"]
[Site "Medellin"]
[Date "2018.03.17"]
[Round "7"]
[White "Mendoza, Rafael Enrique"]
[Black "Silva, Emmanuel Andres"]
[Result "1-0"]
[WhiteElo "2289"]
[BlackElo "2082"]
[PlyCount "40"]
[EventDate "2018.03.14"]
[EventType "swiss"]
[EventRounds "10"]
[EventCountry "COL"]
[SourceTitle "CBM 183 Extra"]
[Source "ChessBase"]
[SourceDate "2018.04.19"]
[SourceVersion "1"]
[SourceVersionDate "2018.04.19"]
[SourceQuality "1"]

1. c4 e5 2. Nc3 Nf6 3. g3 d5 4. cxd5 Nxd5 5. Bg2 Nb6 6. d3 Be7 7. Nf3 Nc6 8. a4 a5 9. 0-0 0-0 10. Be3 f5 11. Nb5 Nd5 12. Bd2 Kh8 13. Rc1 Bf6 14. Rc5 Be6 15. Qb1 Nd4 16. Nfxd4 exd4 17. Bxd5 Bxd5 18. Rxd5 Qxd5 19. Nxc7 Qb3 20. Nxa8 Rxa8 1-0

[Event "COL-ch sf"]
[Site "Medellin"]
[Date "2018.03.16"]
[Round "4"]
[White "Rios Parra, Alejandro"]
[Black "Silva, Emmanuel Andres"]
[Result "0-1"]
[WhiteElo "2303"]
[BlackElo "2082"]
[PlyCount "79"]
[EventDate "2018.03.14"]
[EventType "swiss"]
[EventRounds "10"]
[EventCountry "COL"]
[SourceTitle "CBM 183 Extra"]
[Source "ChessBase"]
[SourceDate "2018.04.19"]
[SourceVersion "1"]
[SourceVersionDate "2018.04.19"]
[SourceQuality "1"]

1. e4 d5 2. exd5 Qxd5 3. Nc3 Qd6 4. d4 c6 5. Nf3 Bg4 6. Be2 Nd7 7. 0-0 h6 8. Ne4 Qc7 9. c4 Bxf3 10. Bxf3 Ngf6 11. Re1 Nxe4 12. Rxe4 e6 13. d5 e5 14. dxc6 bxc6 15. Qe1 g6 16. Bd2 a5 17. h4 f5 18. Re2 Bg7 19. h5 0-0 20. g4 e4 21. Bg2 Ne5 22. Bf4 Nf3+ 23. Bxf3 Qxf4 24. Bg2 Qxg4 25. hxg6 Rf6 26. Re3 Qxg6 27. Rg3 Qf7 28. Rd1 Kh8 29. c5 Re6 30. Rd6 Be5 31. Rxe6 Qxe6 32. Rh3 Rg8 33. Qe3 Kh7 34. Kf1 Qg6 35. Ke1 f4 36. Qb3 Rb8 37. Qd1 Rxb2 38. Qd7+ Bg7 39. Rb3 Rxa2 40. Rb1 0-1

[Event "COL-ch sf"]
[Site "Medellin"]
[Date "2018.03.15"]
[Round "3"]
[White "Silva, Emmanuel Andres"]
[Black "Largo Chaparro, Sofia Alejandra"]
[Result "1-0"]
[WhiteElo "2082"]
[BlackElo "1438"]
[PlyCount "77"]
[EventDate "2018.03.14"]
[EventType "swiss"]
[EventRounds "10"]
[EventCountry "COL"]
[SourceTitle "CBM 183 Extra"]
[Source "ChessBase"]
[SourceDate "2018.04.19"]
[SourceVersion "1"]
[SourceVersionDate "2018.04.19"]
[SourceQuality "1"]

1. Nf3 Nf6 2. d4 g6 3. g3 Bg7 4. Bg2 0-0 5. 0-0 d6 6. c4 Re8 7. Nc3 Nbd7 8. h3 e5 9. e4 a5 10. Be3 b6 11. Rc1 Bb7 12. d5 Ba6 13. b3 Rb8 14. Nd2 Nc5 15. Qc2 Nfd7 16. a3 Qe7 17. b4 Nb7 18. b5 Ra8 19. bxa6 Rxa6 20. Nb5 Ndc5 21. Rce1 Raa8 22. f4 Kh8 23. Kh2 Kg8 24. Nf3 f6 25. g4 Rf8 26. h4 Kh8 27. Bc1 Rf7 28. Re2 Kg8 29. Bh3 h6 30. g5 h5 31. f5 Rff8 32. fxg6 Kh8 33. Bf5 Kg8 34. gxf6 Bxf6 35. Ng5 Bxg5 36. Bxg5 Qg7 37. Ref2 Rab8 38. Qd1 Qh8 39. Nxc7 1-0

[Event "Medellin Conconcreto op"]
[Site "Medellin"]
[Date "2018.01.26"]
[Round "3"]
[White "Silva, Emmanuel Andres"]
[Black "Sanchez Sanchez, Andres Felipe"]
[Result "0-1"]
[WhiteElo "2125"]
[BlackElo "1956"]
[PlyCount "40"]
[EventDate "2018.01.24"]
[EventType "swiss"]
[EventRounds "7"]
[EventCountry "COL"]
[SourceTitle "CBM 182 Extra"]
[Source "ChessBase"]
[SourceDate "2018.02.23"]
[SourceVersion "1"]
[SourceVersionDate "2018.02.23"]
[SourceQuality "1"]

1. d4 Nf6 2. Nf3 e6 3. Nbd2 d5 4. e3 b6 5. Bd3 c5 6. c3 Bb7 7. Ne5 Bd6 8. f4 0-0 9. Qf3 Bxe5 10. fxe5 Ne4 11. Qh3 f5 12. Bxe4 dxe4 13. Nc4 Ba6 14. Nd6 Nc6 15. b3 Qc7 16. Bb2 cxd4 17. exd4 Nxd4 18. 0-0-0 Bd3 19. Kd2 Nc2 20. Rc1 Qc5 0-1

[Event "Medellin de Apertura op"]
[Site "Medellin"]
[Date "2009.01.31"]
[Round "7.17"]
[White "Granada, Angie"]
[Black "Silva, Emmanuel Andres"]
[Result "1/2-1/2"]
[WhiteElo "1923"]
[BlackElo "2125"]
[PlyCount "66"]
[EventDate "2009.01.26"]
[EventType "swiss"]
[EventRounds "9"]
[EventCountry "COL"]
[SourceTitle "EXT 2024"]
[Source "ChessBase"]
[SourceDate "2023.10.10"]
[SourceVersion "1"]
[SourceVersionDate "2023.10.10"]
[SourceQuality "1"]

1. d4 d5 2. c4 e5 3. dxe5 d4 4. Nf3 c5 5. g3 Nc6 6. Bg2 Nge7 7. 0-0 Ng6 8. Nbd2 Be7 9. Ne4 Be6 10. b3 h5 11. h4 Ngxe5 12. Nxe5 Nxe5 13. Ng5 Bxg5 14. Bxg5 f6 15. Bf4 Qd7 16. Bxe5 fxe5 17. Qd3 0-0-0 18. Qe4 Qc7 19. Rab1 Rdf8 20. b4 Bf5 21. Qd5 Bxb1 22. Rxb1 Rh6 23. bxc5 Rc6 24. Qe4 Qe7 25. Qc2 Rc7 26. c6 Rxc6 27. Bxc6 bxc6 28. Qa4 Qc5 29. Qa6+ Kd7 30. Qb7+ Ke6 31. Qxg7 d3 32. Qg6+ Rf6 33. Qe8+ Kd6 1/2-1/2

[Event "Medellin de Apertura op"]
[Site "Medellin"]
[Date "2009.01.29"]
[Round "4"]
[White "Echavarria, Gustavo"]
[Black "Silva, Emmanuel Andres"]
[Result "1/2-1/2"]
[WhiteElo "2010"]
[BlackElo "2125"]
[PlyCount "23"]
[EventDate "2009.01.26"]
[EventType "swiss"]
[EventRounds "9"]
[EventCountry "COL"]
[SourceTitle "EXT 2024"]
[Source "ChessBase"]
[SourceDate "2023.10.10"]
[SourceVersion "1"]
[SourceVersionDate "2023.10.10"]
[SourceQuality "1"]

1. e4 c5 2. Bc4 e6 3. Qe2 Nc6 4. Nf3 Be7 5. d3 d5 6. Bb3 Nf6 7. c3 0-0 8. 0-0 dxe4 9. dxe4 e5 10. Bg5 a6 11. Nbd2 b5 12. Rad1 1/2-1/2

[Event "Medellin de Apertura op"]
[Site "Medellin"]
[Date "2009.01.28"]
[Round "3"]
[White "Silva, Emmanuel Andres"]
[Black "Arenas Vanegas, David"]
[Result "0-1"]
[WhiteElo "2125"]
[BlackElo "2369"]
[PlyCount "77"]
[EventDate "2009.01.26"]
[EventType "swiss"]
[EventRounds "9"]
[EventCountry "COL"]
[SourceTitle "EXT 2024"]
[Source "ChessBase"]
[SourceDate "2023.10.10"]
[SourceVersion "1"]
[SourceVersionDate "2023.10.10"]
[SourceQuality "1"]

1. e4 c5 2. Nf3 d6 3. d4 cxd4 4. Nxd4 Nf6 5. Nc3 g6 6. Be3 Bg7 7. Be2 0-0 8. g4 d5 9. exd5 Nxd5 10. Nxd5 Qxd5 11. Bf3 Qe5 12. c3 Nc6 13. Nxc6 bxc6 14. 0-0 Qc7 15. Qa4 Rb8 16. b3 a5 17. Rac1 Bb7 18. Rfd1 Rbd8 19. b4 Ra8 20. Qb3 c5 21. Bxb7 c4 22. Qa4 Qxb7 23. b5 Qe4 24. h3 Be5 25. Kf1 Rac8 26. Ke2 Qg2 27. Rg1 Qxh3 28. f4 Rfd8 29. Rcd1 Rd3 30. Rxd3 cxd3+ 31. Kf2 Rxc3 32. fxe5 Rc2+ 33. Qxc2 dxc2 34. Rc1 Qh2+ 35. Kf3 Qxe5 36. b6 f5 37. gxf5 gxf5 38. a4 Qe4+ 39. Kf2 0-1

[Event "Medellin de Apertura op"]
[Site "Medellin"]
[Date "2009.01.26"]
[Round "5"]
[White "Silva, Emmanuel Andres"]
[Black "Ossa, Vladimir"]
[Result "1-0"]
[WhiteElo "2125"]
[BlackElo "2017"]
[PlyCount "63"]
[EventDate "2009.01.26"]
[EventType "swiss"]
[EventRounds "9"]
[EventCountry "COL"]
[SourceTitle "EXT 2024"]
[Source "ChessBase"]
[SourceDate "2023.10.10"]
[SourceVersion "1"]
[SourceVersionDate "2023.10.10"]
[SourceQuality "1"]

1. e4 e6 2. d4 d5 3. Nc3 Bb4 4. e5 c5 5. a3 Bxc3+ 6. bxc3 Qc7 7. Nf3 b6 8. a4 Ba6 9. Bxa6 Nxa6 10. Qe2 c4 11. Ng5 Ne7 12. Qh5 Ng6 13. Ba3 0-0-0 14. 0-0 Qd7 15. f4 f6 16. Nxe6 Qxe6 17. f5 Qe8 18. fxg6 hxg6 19. Qg4+ f5 20. Qf4 Qe6 21. a5 b5 22. Rfb1 Nc7 23. a6 Qc6 24. Qg5 Rh5 25. Qe7 Rdh8 26. h3 g5 27. Bd6 g4 28. Bxc7 gxh3 29. Bd6 hxg2 30. Rxb5 Rh1+ 31. Kf2 g1Q+ 32. Rxg1 1-0